000 00676nam a2200289Ia 4500
005 20260324122654.0
008 008 260324s9999 xx 000 0 eng d
020 _a9780203856574
037 _aEBOOK
040 _aCRL
040 _beng
040 _cCRL
041 _2eng
041 _aeng
084 _qCRL
100 _aDavid Hassan; Jim Lusted
_91167352
245 0 _aManaging Sport
245 0 _bSocial and Cultural Perspectives
260 _bTaylor and Francis
260 _c2012
365 _a
365 _b230
856 _uhttp://www.taylorfrancis.com/books/9780203856574
942 _cEBOOK
999 _c1760284
_d1760284